[Event "Bad Woerishofen op"]
[Site "?"]
[Date "2000.??.??"]
[Round "5"]
[White "Thielemann, Joachim"]
[Black "Nowotny, Heinz"]
[Result "1/2-1/2"]
[WhiteElo "1905"]
[BlackElo "2255"]
[Annotator "ChessOrg"]
[PlyCount "74"]
[EventDate "2000.??.??"]
[Source "ChessBase"]
[SourceDate "1998.04.29"]

1. e4 Nf6 2. Nc3 e5 3. Nf3 Nc6 4. Bc4 Nxe4 5. Bxf7+ Kxf7 6. Nxe4 d5 7. Neg5+
Kg8 8. d4 h6 9. Nh3 e4 10. Ne5 Nxe5 11. dxe5 Be7 12. Nf4 c6 13. Qh5 Bd7 14. e6
Be8 15. Qf5 Bf6 16. O-O Qd6 17. f3 Qe5 18. fxe4 Qxe4 19. Qxe4 dxe4 20. Re1 Rd8
21. Rxe4 Rd1+ 22. Kf2 g5 23. Nd3 Bg6 24. Re1 Rxe1 25. Nxe1 Kf8 26. Be3 b6 27.
Rd1 Ke7 28. Rd7+ Kxe6 29. Rxa7 Bxb2 30. Bxb6 Rf8+ 31. Kg1 Rb8 32. Be3 Bc3 33.
Nd3 Rb1+ 34. Kf2 Bxd3 35. cxd3 Rd1 36. Ke2 Re1+ 37. Kf2 Rd1 1/2-1/2

[Event "Bad Woerishofen op"]
[Site "?"]
[Date "2000.??.??"]
[Round "7"]
[White "Thielemann, Joachim"]
[Black "Moeckel, Edgar"]
[Result "0-1"]
[WhiteElo "1905"]
[BlackElo "2106"]
[Annotator "ChessOrg"]
[PlyCount "120"]
[EventDate "2000.??.??"]
[Source "ChessBase"]
[SourceDate "1998.04.29"]

1. e4 d5 2. exd5 Qxd5 3. Nc3 Qa5 4. Nf3 Nf6 5. Be2 Bf5 6. O-O e6 7. h3 Nbd7 8.
d3 c6 9. Bd2 Qc7 10. Qe1 Bd6 11. Nd1 O-O 12. Ne3 Bg6 13. Nc4 Be7 14. Nh4 Nd5
15. Nxg6 hxg6 16. a3 Bf6 17. Rb1 Rfe8 18. Qc1 a5 19. c3 b5 20. Ne3 Nf4 21. Qd1
a4 22. d4 Nxe2+ 23. Qxe2 Rad8 24. Ng4 e5 25. d5 cxd5 26. Qxb5 Qc4 27. Qxc4 dxc4
28. Be3 Nf8 29. Bc5 Ne6 30. Bb4 Nf4 31. Ne3 Rc8 32. Rfd1 Red8 33. Rxd8+ Bxd8
34. Rd1 Bg5 35. Kf1 Nd3 36. Nxc4 Nxb4 37. Nb6 Rd8 38. Rxd8+ Bxd8 39. Nxa4 Nc2
40. Ke2 Bg5 41. g3 f5 42. Kd1 Na1 43. b4 Nb3 44. Nb6 Nd2 45. f4 exf4 46. Kxd2
fxg3+ 47. Ke2 g2 48. Kf2 Be3+ 49. Kxg2 Bxb6 50. Kf3 Kf7 51. c4 Ke6 52. a4 Kd7
53. a5 Ba7 54. b5 Bc5 55. Kf4 Kc7 56. Ke5 Bd6+ 57. Kd5 Bb4 58. a6 Kb6 59. a7
Kxa7 60. c5 Kb7 0-1

[Event "Bad Woerishofen op"]
[Site "Bad Woerishofen"]
[Date "2000.??.??"]
[Round "9"]
[White "Thielemann, Joachim"]
[Black "Schmidt, Erhard"]
[Result "1-0"]
[WhiteElo "1905"]
[BlackElo "2208"]
[Annotator "ChessOrg"]
[PlyCount "59"]
[EventDate "1998.03.05"]
[Source "ChessBase"]
[SourceDate "1998.04.29"]

1. e4 c5 2. Nc3 e6 3. Nf3 d5 4. exd5 exd5 5. Bb5+ Bd7 6. Qe2+ Qe7 7. Bxd7+ Nxd7
8. Nxd5 Qxe2+ 9. Kxe2 Bd6 10. Re1 O-O-O 11. Kf1 h6 12. c4 Ngf6 13. Nxf6 Nxf6
14. b3 Nd7 15. Bb2 f6 16. d4 cxd4 17. Bxd4 Nc5 18. Rad1 Rhe8 19. Rxe8 Rxe8 20.
Bxf6 gxf6 21. Rxd6 Re6 22. Rxe6 Nxe6 23. g3 Kd7 24. Ke2 Kd6 25. b4 a5 26. a3 a4
27. Kd3 Nd8 28. Nd4 Nc6 29. Nb5+ Ke5 30. f4+ 1-0

[Event "Bad Woerishofen op"]
[Site "?"]
[Date "2000.??.??"]
[Round "1"]
[White "Tochtermann, Georg"]
[Black "Michalowski, Richard"]
[Result "1-0"]
[WhiteElo "1864"]
[BlackElo "1591"]
[Annotator "ChessOrg"]
[PlyCount "147"]
[EventDate "2000.??.??"]
[Source "ChessBase"]
[SourceDate "1998.04.29"]

1. e4 d5 2. exd5 Qxd5 3. Nc3 Qa5 4. Bc4 Nf6 5. Nge2 Bf5 6. O-O e6 7. d3 c6 8.
Bf4 Be7 9. a3 Nbd7 10. b4 Qd8 11. h3 Nb6 12. Bb3 O-O 13. g4 Bg6 14. Bg3 Rc8 15.
Nf4 Nbd5 16. Ncxd5 Nxd5 17. Nxg6 hxg6 18. Qe1 Re8 19. c4 Nf6 20. Rd1 Bd6 21.
Qe3 b6 22. d4 Qc7 23. f4 c5 24. dxc5 bxc5 25. b5 Rcd8 26. Rd3 Rd7 27. Rfd1 Red8
28. Qf3 e5 29. fxe5 Bxe5 30. Rxd7 Rxd7 31. Rxd7 Nxd7 32. Bf2 Bd6 33. Kg2 Ne5
34. Qe4 f6 35. Bg3 Qe7 36. Bc2 Kf8 37. Qd5 Qe8 38. Be4 g5 39. Bxe5 Qxe5 40.
Qxe5 Bxe5 41. Kf3 Kf7 42. Ke3 Ke7 43. Kd3 Bc7 44. Bd5 Be5 45. a4 Bc7 46. Ke4 g6
47. Bc6 Ke6 48. Bd5+ Ke7 49. Bb7 Ke6 50. Bc8+ Kd6 51. Bb7 Ke6 52. Bd5+ Ke7 53.
Bg8 Kf8 54. Be6 Ke7 55. Kd5 Bb6 56. Bc8 Kd8 57. Bb7 Kd7 58. a5 Bxa5 59. Kxc5
Ke6 60. Kd4 f5 61. Bf3 Be1 62. Bd5+ Kf6 63. c5 Bf2+ 64. Kc4 Ke5 65. Bf7 Kf4 66.
Kd5 fxg4 67. hxg4 Kxg4 68. Bxg6 Kf4 69. Bd3 g4 70. c6 Bb6 71. Kd6 Ke3 72. Bf5
g3 73. Bh3 Kd4 74. Bf1 1-0

[Event "Bad Woerishofen op"]
[Site "?"]
[Date "2000.??.??"]
[Round "3"]
[White "Tochtermann, Georg"]
[Black "Rahn, Oskar"]
[Result "1/2-1/2"]
[WhiteElo "1864"]
[BlackElo "2095"]
[Annotator "ChessOrg"]
[PlyCount "39"]
[EventDate "2000.??.??"]
[Source "ChessBase"]
[SourceDate "1998.04.29"]

1. e4 e5 2. Nf3 Nc6 3. Bb5 a6 4. Ba4 d6 5. c3 Bd7 6. d3 g6 7. Bb3 Nh6 8. h3 Qe7
9. Be3 f6 10. Nbd2 Nf7 11. d4 Bg7 12. Bxf7+ Qxf7 13. Qb3 Qxb3 14. Nxb3 O-O 15.
g4 exd4 16. Nfxd4 Rae8 17. Nd2 Ne5 18. O-O-O Nd3+ 19. Kc2 Nc5 20. f3 1/2-1/2

[Event "Bad Woerishofen op"]
[Site "?"]
[Date "2000.??.??"]
[Round "6"]
[White "Tochtermann, Georg"]
[Black "Harke, Horst"]
[Result "0-1"]
[WhiteElo "1864"]
[BlackElo "1725"]
[Annotator "ChessOrg"]
[PlyCount "86"]
[EventDate "2000.??.??"]
[Source "ChessBase"]
[SourceDate "1998.04.29"]

1. e4 c6 2. d4 d5 3. e5 Bf5 4. Nf3 e6 5. Be2 Be7 6. O-O Nd7 7. c4 dxc4 8. Nc3
Nb6 9. Be3 Bb4 10. a3 Bxc3 11. bxc3 Be4 12. a4 a5 13. Nd2 Bd5 14. Rb1 Qc7 15.
f4 Ne7 16. g4 g6 17. Bf2 h5 18. gxh5 gxh5 19. Bxh5 Nxa4 20. Bxf7+ Kxf7 21. Qxa4
Rag8+ 22. Bg3 Rxg3+ 23. hxg3 Rh1+ 24. Kf2 Rh2+ 25. Ke1 b5 26. Qd1 Nf5 27. Nf3
Ne3 28. Nxh2 Nxd1 29. Kxd1 a4 30. Kd2 Ke8 31. f5 exf5 32. Rf4 Qg7 33. Rg1 Qh8
34. Nf1 a3 35. Kc1 Be4 36. Nd2 a2 37. Kb2 Qh2 38. Rd1 b4 39. Ka1 Bc2 40. Rh4
Qxg3 41. Rh8+ Kf7 42. e6+ Kxe6 43. Rdh1 Qxc3+ 0-1

[Event "Bad Woerishofen op"]
[Site "Bad Woerishofen"]
[Date "2000.??.??"]
[Round "9"]
[White "Tochtermann, Georg"]
[Black "Ziebarth, Lothar"]
[Result "1-0"]
[WhiteElo "1864"]
[BlackElo "1692"]
[Annotator "ChessOrg"]
[PlyCount "71"]
[EventDate "1998.03.05"]
[Source "ChessBase"]
[SourceDate "1998.04.29"]

1. e4 c5 2. Nc3 Nc6 3. g3 Nf6 4. Bg2 g6 5. Nge2 Bg7 6. O-O O-O 7. d3 e6 8. Be3
b6 9. h3 Bb7 10. Qd2 d5 11. Bh6 d4 12. Nd1 e5 13. Bxg7 Kxg7 14. f4 exf4 15.
gxf4 Qc7 16. Ng3 Rad8 17. Nf2 Bc8 18. Kh2 Kh8 19. Rh1 Rg8 20. e5 Nh5 21. Nfe4
Ne7 22. Nxh5 gxh5 23. Nf6 Rg6 24. Be4 Bf5 25. Rhg1 Qc8 26. Bxf5 Qxf5 27. Ne4
Nd5 28. Nd6 Rdxd6 29. exd6 Nxf4 30. Rxg6 hxg6 31. Kg3 Nxh3 32. Re1 Kg7 33. Qe2
Ng5 34. Qe5+ Qxe5+ 35. Rxe5 Ne6 36. Rxe6 1-0

[Event "Bad Woerishofen op"]
[Site "?"]
[Date "2000.??.??"]
[Round "1"]
[White "Turboust, Roger"]
[Black "Wendel, Walter"]
[Result "1-0"]
[WhiteElo "1870"]
[BlackElo "1600"]
[Annotator "ChessOrg"]
[PlyCount "111"]
[EventDate "2000.??.??"]
[Source "ChessBase"]
[SourceDate "1998.04.29"]

1. e4 d6 2. d4 Nf6 3. Nc3 g6 4. Bc4 Bg7 5. Nge2 c6 6. Be3 a6 7. a4 O-O 8. Qd2
Ng4 9. h4 h5 10. Bg5 Nf6 11. O-O-O b5 12. Bb3 Nbd7 13. f3 Nb6 14. Nf4 Nc4 15.
Qe2 Qa5 16. Bxc4 bxc4 17. Qxc4 Kh7 18. Rdg1 Bd7 19. g4 e5 20. dxe5 dxe5 21. Nd3
Be6 22. Qc5 Qxc5 23. Nxc5 Nd7 24. Nxe6 fxe6 25. gxh5 gxh5 26. Rh3 Rf7 27. Rd1
Raf8 28. Rd6 Nb8 29. Rxe6 Rxf3 30. Rxf3 Rxf3 31. Re7 Kg8 32. Rb7 Rf8 33. Ne2 c5
34. Ng3 Nc6 35. Nf5 Rf7 36. Rb6 Nd4 37. Nxd4 cxd4 38. Rxa6 Rc7 39. b3 d3 40. c4
Rd7 41. Kd2 Bf8 42. Rb6 Bd6 43. Rb5 Kf7 44. Kxd3 Bb4+ 45. Rd5 Ke6 46. Rxd7 Kxd7
47. Bd2 Be7 48. Be1 Bc5 49. b4 Be7 50. c5 Kc6 51. Kc4 Bf8 52. a5 Be7 53. a6 Kc7
54. Kd5 Bf6 55. b5 Kb8 56. c6 1-0

[Event "Bad Woerishofen op"]
[Site "?"]
[Date "2000.??.??"]
[Round "3"]
[White "Turboust, Roger"]
[Black "Schmitzer, Horst"]
[Result "0-1"]
[WhiteElo "1870"]
[BlackElo "2252"]
[Annotator "ChessOrg"]
[PlyCount "100"]
[EventDate "2000.??.??"]
[Source "ChessBase"]
[SourceDate "1998.04.29"]

1. e4 c6 2. d4 d5 3. exd5 cxd5 4. Bb5+ Bd7 5. Bxd7+ Qxd7 6. Nf3 Nc6 7. O-O g6
8. c3 Bg7 9. Bf4 Nh6 10. Nbd2 O-O 11. Re1 e6 12. Nf1 f6 13. Ng3 Nf7 14. h3 Rad8
15. Qc2 Rfe8 16. Rad1 Qc8 17. Qb1 b6 18. Re2 e5 19. dxe5 fxe5 20. Bg5 Nxg5 21.
Nxg5 Bf6 22. Nf3 e4 23. Nh2 Ne5 24. Ngf1 Bg7 25. Ne3 Nd3 26. Nhf1 Qc7 27. Rxd3
exd3 28. Qxd3 d4 29. cxd4 Rxd4 30. Qb3+ Qf7 31. Qc2 Qxa2 32. Nf5 Rdd8 33. Rxe8+
Rxe8 34. Nxg7 Kxg7 35. Qc3+ Kg8 36. b3 Rf8 37. Qc4+ Rf7 38. Qc8+ Kg7 39. Qc3+
Rf6 40. Qc7+ Kh6 41. Qg3 Qa1 42. Qe3+ Kg7 43. g4 h6 44. Kg2 Rf7 45. Ng3 Qf6 46.
Ne4 Qe5 47. f3 Rf4 48. Qd3 Rf7 49. Nd6 Rd7 50. Nf5+ Qxf5 0-1

[Event "Bad Woerishofen op"]
[Site "?"]
[Date "2000.??.??"]
[Round "5"]
[White "Turboust, Roger"]
[Black "Schmidt, Erhard"]
[Result "0-1"]
[WhiteElo "1870"]
[BlackElo "2208"]
[Annotator "ChessOrg"]
[PlyCount "46"]
[EventDate "2000.??.??"]
[Source "ChessBase"]
[SourceDate "1998.04.29"]

1. e4 c5 2. Nf3 e6 3. c3 Nc6 4. Na3 d5 5. exd5 exd5 6. Bb5 Bd6 7. O-O Nge7 8.
Nc2 O-O 9. d4 c4 10. Ne3 Bd7 11. b3 cxb3 12. axb3 a6 13. Bd3 f5 14. Re1 f4 15.
Ng5 h6 16. Nxd5 Nxd5 17. Ne6 Bxe6 18. Rxe6 Rf6 19. Bc4 Rxe6 20. Bxd5 Qe7 21.
Ra2 Re8 22. Qg4 Kh8 23. Be3 fxe3 0-1

[Event "Bad Woerishofen op"]
[Site "?"]
[Date "2000.??.??"]
[Round "7"]
[White "Turboust, Roger"]
[Black "Wohlfart, Karl-Heinz"]
[Result "1-0"]
[WhiteElo "1870"]
[BlackElo "1744"]
[Annotator "ChessOrg"]
[PlyCount "69"]
[EventDate "2000.??.??"]
[Source "ChessBase"]
[SourceDate "1998.04.29"]

1. e4 g6 2. h4 h5 3. d4 Bg7 4. Bc4 c6 5. c3 d5 6. exd5 cxd5 7. Bb5+ Nc6 8. Bf4
Qb6 9. Qe2 Nf6 10. Nh3 O-O 11. Nd2 Bd7 12. Nb3 Ne4 13. f3 Nd6 14. Bd3 Rae8 15.
Nc5 Bc8 16. Be3 Qc7 17. f4 Nf5 18. Bxf5 Bxf5 19. Nf2 Qc8 20. g4 Bxg4 21. Nxg4
hxg4 22. h5 b5 23. Nd3 Qf5 24. hxg6 fxg6 25. Rh4 Qe4 26. Rxg4 Qe6 27. Kd2 Na5
28. b3 Rc8 29. Qg2 Rxc3 30. Rxg6 Rxd3+ 31. Kxd3 Qf5+ 32. Kd2 Rf7 33. Rg1 Nc4+
34. bxc4 dxc4 35. Rxg7+ 1-0

[Event "Bad Woerishofen op"]
[Site "Bad Woerishofen"]
[Date "2000.??.??"]
[Round "9"]
[White "Turboust, Roger"]
[Black "Bierbach, Utz"]
[Result "1/2-1/2"]
[WhiteElo "1870"]
[BlackElo "1756"]
[Annotator "ChessOrg"]
[PlyCount "78"]
[EventDate "1998.03.05"]
[Source "ChessBase"]
[SourceDate "1998.04.29"]

1. e4 c5 2. c3 e6 3. Na3 Nc6 4. Nf3 d6 5. d4 cxd4 6. cxd4 d5 7. exd5 exd5 8.
Nc2 Nf6 9. Bd3 h6 10. O-O Bd6 11. h3 Be6 12. Re1 Qd7 13. Bd2 O-O 14. Ne5 Qc8
15. Qf3 Ne4 16. Nxc6 Nxd2 17. Qe2 bxc6 18. Qxd2 Rb8 19. Qc3 Qd7 20. Re2 Rfc8
21. b4 Qe7 22. Bf5 Bxb4 23. Nxb4 Rxb4 24. Rae1 Rc4 25. Qb2 Rf8 26. Bxe6 fxe6
27. Rxe6 Qh4 28. Re8 Qf6 29. R1e6 Qf4 30. Rxf8+ Qxf8 31. Qe2 Qf5 32. Re8+ Kh7
33. Qe3 Qb1+ 34. Kh2 Rc1 35. Re6 Rc4 36. Qf4 Rc1 37. Kg3 Rc3+ 38. f3 Rc4 39. h4
Qd3 1/2-1/2

[Event "Bad Woerishofen op"]
[Site "?"]
[Date "2000.??.??"]
[Round "2"]
[White "Vogel, Gerhard"]
[Black "Schumacher, Horst"]
[Result "0-1"]
[WhiteElo "1512"]
[BlackElo "1750"]
[Annotator "ChessOrg"]
[PlyCount "64"]
[EventDate "2000.??.??"]
[Source "ChessBase"]
[SourceDate "1998.04.29"]

1. c4 e5 2. Nc3 f5 3. d3 Nf6 4. g3 c6 5. Bg2 Be7 6. Nf3 d6 7. a3 O-O 8. Qc2
Nbd7 9. b4 Qc7 10. Ng5 Nb6 11. e4 fxe4 12. Ncxe4 h6 13. Nxf6+ Bxf6 14. Ne4 Be7
15. Be3 Be6 16. O-O Qd7 17. Rac1 Rac8 18. Qe2 Bh3 19. f3 Bxg2 20. Kxg2 Rce8 21.
Rh1 Nc8 22. Rcf1 b6 23. h3 d5 24. cxd5 cxd5 25. Nf2 Qe6 26. h4 Nd6 27. Nh3 Qg6
28. Kh2 Nf5 29. Bf2 Bd6 30. Be1 e4 31. dxe4 Bxg3+ 32. Kg1 Bf2+ 0-1

[Event "Bad Woerishofen op"]
[Site "?"]
[Date "2000.??.??"]
[Round "4"]
[White "Vogel, Gerhard"]
[Black "Ziebarth, Lothar"]
[Result "1/2-1/2"]
[WhiteElo "1512"]
[BlackElo "1692"]
[Annotator "ChessOrg"]
[PlyCount "122"]
[EventDate "2000.??.??"]
[Source "ChessBase"]
[SourceDate "1998.04.29"]

1. Nf3 Nf6 2. c4 c5 3. Nc3 g6 4. g3 Bg7 5. Bg2 O-O 6. O-O Nc6 7. e3 d6 8. h3
Bf5 9. d3 Qc8 10. Kh2 Nb4 11. e4 Bd7 12. a3 Nc6 13. Be3 Rb8 14. Qd2 a6 15. Rab1
b5 16. cxb5 axb5 17. b4 cxb4 18. axb4 Qc7 19. Rfc1 Rfc8 20. d4 Qd8 21. g4 e6
22. Bf4 Ne8 23. e5 d5 24. Bh6 Qe7 25. Bxg7 Kxg7 26. Ne2 f6 27. exf6+ Nxf6 28.
Ne5 Qd6 29. f4 Ra8 30. Nd3 Ra7 31. Nc5 Rca8 32. Nc3 Ne7 33. Kg1 Rf8 34. Bf3 Ne4
35. N5xe4 dxe4 36. Nxe4 Qxf4 37. Qxf4 Rxf4 38. Bg2 Bc6 39. Re1 Bd5 40. Nc5 Kh6
41. Bxd5 exd5 42. Ne6 Rf3 43. Kg2 Rc3 44. Rb2 Nc6 45. Rf1 Raa3 46. Rff2 Rd3 47.
g5+ Kh5 48. Nf4+ Kxg5 49. Nxd3 Rxd3 50. Rfd2 Nxb4 51. Rxd3 Nxd3 52. Rxb5 Nf4+
53. Kh2 Kf5 54. Rb7 Ke4 55. Rxh7 Kxd4 56. Rh4 Ke3 57. Kg3 Ne2+ 58. Kg2 d4 59.
Rg4 Nf4+ 60. Kg3 Ne2+ 61. Kg2 Nf4+ 1/2-1/2

[Event "Bad Woerishofen op"]
[Site "?"]
[Date "2000.??.??"]
[Round "6"]
[White "Vogel, Gerhard"]
[Black "Weibrecht, Carl"]
[Result "0-1"]
[WhiteElo "1512"]
[BlackElo "1600"]
[Annotator "ChessOrg"]
[PlyCount "136"]
[EventDate "2000.??.??"]
[Source "ChessBase"]
[SourceDate "1998.04.29"]

1. Nf3 g6 2. c4 Bg7 3. g3 c5 4. Bg2 Nf6 5. Nc3 Nc6 6. e3 O-O 7. a3 d6 8. h3 e5
9. d3 a6 10. O-O Rb8 11. Rb1 b5 12. cxb5 axb5 13. Nh2 Bd7 14. g4 b4 15. axb4
Nxb4 16. e4 Be6 17. Be3 Qc8 18. Qd2 Kh8 19. Nf3 Nxg4 20. hxg4 Bxg4 21. Ne1 f5
22. f3 f4 23. Bf2 Be6 24. Kh2 Nc6 25. Rh1 Nd4 26. Kg1 Nb3 27. Qd1 g5 28. Nc2
Rf6 29. Kf1 Rg6 30. Nd5 Bf8 31. Ke2 g4 32. Bh4 Bxd5 33. exd5 c4 34. fxg4 cxd3+
35. Qxd3 Qxc2+ 36. Qxc2 Nd4+ 37. Kd3 Nxc2 38. Kxc2 Rxg4 39. Be4 Rb4 40. Bf6+
Bg7 41. Rxh7+ Kg8 42. Rxg7+ Rxg7 43. Bxg7 Rxe4 44. Bf6 Kf7 45. Bd8 Rd4 46. Rd1
Rc4+ 47. Kb3 Rc5 48. Kb4 Ke8 49. Bb6 Rc2 50. b3 Ke7 51. Kb5 e4 52. b4 Kf6 53.
Bd4+ Kf5 54. Rf1 Re2 55. Kc6 Rd2 56. Be3 Rc2+ 57. Kxd6 f3 58. Rf2 Rxf2 59. Bxf2
Kf4 60. b5 e3 61. Bxe3+ Kxe3 62. b6 f2 63. b7 f1=Q 64. b8=Q Qf4+ 65. Kc6 Qxb8
66. d6 Qc8+ 67. Kd5 Qd7 68. Kc5 Ke4 0-1

[Event "Bad Woerishofen op"]
[Site "?"]
[Date "2000.??.??"]
[Round "8"]
[White "Vogel, Gerhard"]
[Black "Malik, Rosemarie"]
[Result "1-0"]
[WhiteElo "1512"]
[BlackElo "1248"]
[Annotator "ChessOrg"]
[PlyCount "85"]
[EventDate "2000.??.??"]
[Source "ChessBase"]
[SourceDate "1998.04.29"]

1. Nf3 Nf6 2. c4 c5 3. Nc3 b6 4. g3 Bb7 5. Bg2 e6 6. O-O Be7 7. d3 d6 8. e4
Nbd7 9. Bf4 e5 10. Be3 O-O 11. h3 h6 12. Nh2 Nh7 13. Qg4 Bg5 14. f4 exf4 15.
gxf4 f5 16. Qe2 Bf6 17. Bd2 Re8 18. Rab1 Bd4+ 19. Kh1 Ndf6 20. Rfe1 Qd7 21. Nf1
Qf7 22. Ng3 g6 23. Bf3 Red8 24. Qg2 Qg7 25. exf5 Bxf3 26. Qxf3 Nf8 27. Nb5 N6h7
28. Nxd4 cxd4 29. Rg1 Nf6 30. Rbe1 Re8 31. Ne4 Rad8 32. Rg2 Nxe4 33. dxe4 Qf6
34. Reg1 Rd7 35. fxg6 Rg7 36. f5 Nxg6 37. Rxg6 Rxg6 38. Rxg6+ Qxg6 39. fxg6 Rf8
40. Qg2 h5 41. Bh6 Rf6 42. Kg1 d3 43. Qg5 1-0

[Event "Bad Woerishofen op"]
[Site "?"]
[Date "2000.??.??"]
[Round "1"]
[White "Voegerl, Johann"]
[Black "Braeu, Ludwig"]
[Result "0-1"]
[WhiteElo "1500"]
[BlackElo "1830"]
[Annotator "ChessOrg"]
[PlyCount "72"]
[EventDate "2000.??.??"]
[Source "ChessBase"]
[SourceDate "1998.04.29"]

1. d4 d5 2. e4 e6 3. e5 c5 4. c3 Nc6 5. Nf3 Qb6 6. Be2 Nh6 7. O-O cxd4 8. cxd4
Nf5 9. Bd3 Nfxd4 10. Nxd4 Qxd4 11. Nc3 Be7 12. Nb5 Qxe5 13. g3 Qb8 14. f4 a6
15. Nc3 Bc5+ 16. Kg2 b5 17. Re1 O-O 18. Qh5 g6 19. Qd1 Bb7 20. Kh3 Qd6 21. a3
Bd4 22. Ne2 Bf2 23. Rf1 Bb6 24. Nc3 Rac8 25. Qg4 f5 26. Qd1 d4 27. Bxf5 Rxf5
28. Ne4 Qd5 29. Re1 Rcf8 30. Ng5 Rxg5 31. fxg5 Rf2 32. Rg1 Ne5 33. Bf4 Nf3 34.
Rg2 Nxg5+ 35. Kg4 Qf5+ 36. Kh4 Rxg2 0-1

[Event "Bad Woerishofen op"]
[Site "?"]
[Date "2000.??.??"]
[Round "3"]
[White "Voegerl, Johann"]
[Black "Josting, Friedel"]
[Result "0-1"]
[WhiteElo "1500"]
[BlackElo "1790"]
[Annotator "ChessOrg"]
[PlyCount "94"]
[EventDate "2000.??.??"]
[Source "ChessBase"]
[SourceDate "1998.04.29"]

1. d4 Nf6 2. Nc3 d5 3. e4 e6 4. e5 Nfd7 5. Nf3 c5 6. Bb5 a6 7. Bxd7+ Bxd7 8. a4
Nc6 9. Ne2 cxd4 10. Nexd4 Be7 11. Nxc6 Bxc6 12. O-O O-O 13. Nd4 Bd7 14. Qg4 Kh8
15. Nf3 Rc8 16. c3 f5 17. Qf4 Rc4 18. Qd2 Rxa4 19. Rxa4 Bxa4 20. Nd4 Bd7 21. f4
Rg8 22. Nf3 h6 23. Qf2 Be8 24. Kh1 Bh5 25. Ne1 Bh4 26. g3 Be7 27. Qe3 Qc8 28.
Qd4 Be2 29. Qf2 Bxf1 30. Qxf1 d4 31. c4 Rd8 32. Kg2 d3 33. Bd2 Qxc4 34. Kh3 b5
35. Qf3 Bb4 36. b3 Qxb3 37. Qe3 Bxd2 38. Qxd2 Qa4 39. Qc3 Qa2 40. Nf3 d2 41.
Nxd2 Qxd2 42. Qc6 Qe2 43. Qxe6 Qd3 44. Qb6 Kg8 45. e6 Qf1+ 46. Kh4 g5+ 47. fxg5
hxg5+ 0-1

[Event "Bad Woerishofen op"]
[Site "?"]
[Date "2000.??.??"]
[Round "5"]
[White "Voegerl, Johann"]
[Black "Block, Herbert"]
[Result "0-1"]
[WhiteElo "1500"]
[BlackElo "1616"]
[Annotator "ChessOrg"]
[PlyCount "86"]
[EventDate "2000.??.??"]
[Source "ChessBase"]
[SourceDate "1998.04.29"]

1. d4 d5 2. e4 dxe4 3. Nc3 Bf5 4. f3 exf3 5. Qxf3 Bc8 6. Be3 e6 7. O-O-O c6 8.
Nh3 h6 9. Bd3 Qf6 10. Qe2 Bb4 11. Rhf1 Qe7 12. Ne4 f5 13. Nc5 Nf6 14. Nf4 Qf7
15. Bc4 Bxc5 16. dxc5 Nd5 17. Bb3 b6 18. g4 g6 19. Bd4 O-O 20. Nxd5 cxd5 21. c4
Ba6 22. Qf3 Kh7 23. gxf5 exf5 24. cxd5 Nd7 25. Qf4 Bxf1 26. Rxf1 Nxc5 27. Bxc5
bxc5 28. d6 Qd7 29. Qc4 Qxd6 30. Rd1 Qe7 31. a3 Qe3+ 32. Kb1 Qe4+ 33. Qxe4 fxe4
34. Rd6 Kg7 35. Rd7+ Kf6 36. Rd6+ Ke5 37. Rd5+ Kf4 38. Rxc5 g5 39. Rc6 h5 40.
Bd5 Rad8 41. Bb3 e3 42. Rc4+ Kf3 43. Rc3 Kf2 0-1

[Event "Bad Woerishofen op"]
[Site "?"]
[Date "2000.??.??"]
[Round "7"]
[White "Voegerl, Johann"]
[Black "Disselberger, Alfons"]
[Result "1-0"]
[WhiteElo "1500"]
[BlackElo "1271"]
[Annotator "ChessOrg"]
[PlyCount "120"]
[EventDate "2000.??.??"]
[Source "ChessBase"]
[SourceDate "1998.04.29"]

1. d4 Nf6 2. c4 d5 3. Nc3 e6 4. Nf3 Bb4 5. Bg5 Be7 6. e3 h6 7. Bh4 Nbd7 8. c5
O-O 9. Bg3 c6 10. Bd3 b6 11. cxb6 axb6 12. O-O c5 13. Bb5 Ba6 14. a4 Bxb5 15.
Nxb5 Rc8 16. Na7 c4 17. Nxc8 Qxc8 18. Qc2 Ne4 19. Nd2 Ndf6 20. f3 Nxg3 21. hxg3
Bb4 22. Rac1 Qa6 23. Rfd1 Nh5 24. Kf2 Rc8 25. Nf1 Nf6 26. g4 Qa5 27. Ng3 Ra8
28. Ra1 Nd7 29. Rh1 Rc8 30. Ne2 c3 31. bxc3 Bxc3 32. Nxc3 Rxc3 33. Qd2 e5 34.
Rhc1 Rxc1 35. Qxc1 exd4 36. exd4 Qb4 37. Qd1 Qb2+ 38. Kg3 Qb4 39. Rc1 Qd6+ 40.
Kh3 g5 41. Rc8+ Kg7 42. Qc1 Nf8 43. Rc6 Qb4 44. Qd1 Ne6 45. Rc8 Nf4+ 46. Kh2
Qb2 47. Rc2 Qb3 48. Rd2 Qb4 49. g3 Ne6 50. Qe2 Kf8 51. Qd1 Kg7 52. Kg2 Kg8 53.
Qe1 Qd6 54. Qe5 Qb4 55. Rf2 Qxa4 56. Qb8+ Kg7 57. Qxb6 Qc4 58. Qb2 Kf6 59. f4
gxf4 60. gxf4 Kg7 1-0

[Event "Bad Woerishofen op"]
[Site "Bad Woerishofen"]
[Date "2000.??.??"]
[Round "9"]
[White "Voegerl, Johann"]
[Black "Erler, Klaus-Juergen"]
[Result "1/2-1/2"]
[WhiteElo "1500"]
[BlackElo "1750"]
[Annotator "ChessOrg"]
[PlyCount "53"]
[EventDate "1998.03.05"]
[Source "ChessBase"]
[SourceDate "1998.04.29"]

1. d4 Nf6 2. Nf3 d6 3. e3 Bg4 4. Nc3 c6 5. Bd3 Nbd7 6. h3 Bh5 7. Be2 e6 8. O-O
d5 9. Ne5 Bxe2 10. Qxe2 Bd6 11. f4 O-O 12. Bd2 Ne4 13. Qe1 Be7 14. Nxe4 dxe4
15. Nxd7 Qxd7 16. Bb4 f5 17. c4 Rfd8 18. Rd1 Rac8 19. Qc3 b6 20. Bxe7 Qxe7 21.
b4 Qf6 22. Qa3 Rc7 23. Rd2 Qe7 24. Qb3 Rcd7 25. Rfd1 Qf7 26. Qc3 Qf6 27. Qb3
1/2-1/2

[Event "Bad Woerishofen op"]
[Site "?"]
[Date "2000.??.??"]
[Round "2"]
[White "von Hoesslin, Holger"]
[Black "Oldach, Ehrenfried"]
[Result "1/2-1/2"]
[WhiteElo "1800"]
[BlackElo "2082"]
[Annotator "ChessOrg"]
[PlyCount "117"]
[EventDate "2000.??.??"]
[Source "ChessBase"]
[SourceDate "1998.04.29"]

1. e4 d6 2. d4 Nf6 3. Nc3 g6 4. Be3 Bg7 5. f3 Nbd7 6. Qd2 c6 7. Nge2 b5 8. g4
b4 9. Nd1 a5 10. Ng3 Nb6 11. Bh6 O-O 12. h4 e5 13. Bxg7 Kxg7 14. h5 Ng8 15.
hxg6 fxg6 16. Be2 Qf6 17. g5 Qf4 18. Qxf4 Rxf4 19. dxe5 dxe5 20. Nf2 Ba6 21.
Bxa6 Rxa6 22. Ke2 Rf7 23. Nd3 Re7 24. b3 Raa7 25. Rh2 a4 26. Nxb4 axb3 27. cxb3
Rec7 28. Ke3 c5 29. Nd3 c4 30. bxc4 Nxc4+ 31. Ke2 Ra3 32. Rhh1 Rca7 33. Nb4
Re3+ 34. Kf2 Raa3 35. Nf1 Rxf3+ 36. Ke2 Rf4 37. Rd1 Rxe4+ 38. Kf2 Nb6 39. Rb1
Ne7 40. Rb2 Nc4 41. Re2 Rxe2+ 42. Kxe2 Ra4 43. Nd3 Rxa2+ 44. Kf3 Ra1 45. Ng3
Rxh1 46. Nxh1 h6 47. gxh6+ Kxh6 48. Ke4 Kg5 49. Nxe5 Nxe5 50. Kxe5 Nf5 51. Ke4
Kg4 52. Nf2+ Kh4 53. Kf3 g5 54. Kg2 Nd4 55. Kh2 Nc2 56. Kg2 Ne1+ 57. Kf1 Nf3
58. Kg2 Ne5 59. Ne4 1/2-1/2

[Event "Bad Woerishofen op"]
[Site "?"]
[Date "2000.??.??"]
[Round "4"]
[White "von Hoesslin, Holger"]
[Black "Becka, Yaromir"]
[Result "1-0"]
[WhiteElo "1800"]
[BlackElo "1666"]
[Annotator "ChessOrg"]
[PlyCount "97"]
[EventDate "2000.??.??"]
[Source "ChessBase"]
[SourceDate "1998.04.29"]

1. e4 e5 2. Nf3 d6 3. d4 exd4 4. Nxd4 Nf6 5. Nc3 g6 6. f3 Bg7 7. Be3 a6 8. Qd2
Be6 9. O-O-O Nbd7 10. Kb1 Qe7 11. h3 h5 12. f4 Nc5 13. Bd3 O-O-O 14. Rhe1 Qf8
15. f5 gxf5 16. exf5 Bd7 17. Bg5 Bh6 18. h4 Re8 19. Rxe8+ Bxe8 20. Be2 Nfe4 21.
Nxe4 Nxe4 22. Qe3 Bxg5 23. hxg5 Qe7 24. f6 Qe5 25. Nf3 Qe6 26. Re1 Nc5 27. Qd2
Qf5 28. Nd4 Qd5 29. Bf3 Nb3 30. axb3 Qc5 31. b4 Qb6 32. c3 Bd7 33. Qd3 c5 34.
bxc5 dxc5 35. Nf5 Bb5 36. Nd6+ Kb8 37. Nxb5 Rd8 38. Qe2 axb5 39. Bxh5 b4 40.
Qe5+ Ka7 41. cxb4 Qxb4 42. Rc1 Kb6 43. Bxf7 Rd4 44. Qe6+ Ka5 45. Qe7 Kb6 46. g6
Rd2 47. Qxc5+ Qxc5 48. Rxc5 Kxc5 49. g7 1-0